Visualizzazione normale
Vista MARC
- Del Prete Miki
di Personal Name
Records bibliografici associati: 1
001 - CONTROL NUMBER
- control field: 8624
003 - CONTROL NUMBER IDENTIFIER
- control field: IT-RoPau
005 - DATE AND TIME OF LATEST TRANSACTION
- control field: 20140110093845.0
008 - FIXED-LENGTH DATA ELEMENTS
- fixed length control field: 140110|| aca||aabn | a|a d
040 ## - CATALOGING SOURCE
- Original cataloging agency: IT-RoPau
- Transcribing agency: IT-RoPau
100 ## - HEADING--PERSONAL NAME
- Personal name: Del Prete Miki
- Relator term: Autore musica
- Miscellaneous information: Codice autore musica SPICS: 13865
- Name of part/section of a work: Sei rimasta sola - Ciao ragazzi - Il problema più importante - Il tangaccio - Chi non lavora non fa l'amore - Sabato triste - La coppia più bella del mondo
670 ## - SOURCE DATA FOUND
- Source citation: Work cat.: (IT-RoPau)98855: Celentano Adriano 1546, Ritratto di... Adriano Celentano